000 00771cam a2200277 a 4500
001 14251
003 BD-JhCC
005 20250224130319.0
008 940829s1995 caua b 001 0 eng
020 _a0805354247
035 _a(BD-JhCC)14251
040 _aDLC
_cDLC
_dDLC
041 _aeng
050 0 0 _aTJ213
_b.N497 1995
082 0 0 _a629.8
_220
_bNIS 1995
100 1 _aNise, Norman S.
245 1 0 _aControl systems engineering /
_cNorman S. Nise.
250 _a2nd ed.
260 _aRedwood City, Calif. :
_bBejamin/Cummings Pub. Co.,
_c1995.
300 _axxiv, 853 p. :
_bill. ;
_c24 cm.
504 _aIncludes bibliographical references and index.
650 0 _aAutomatic control.
650 0 _aSystems engineering.
942 _2ddc
_cBK
999 _c14251
_d14251